Knowledge structures for communications in human-computer systems : General automata-based
Kaydedildi:
| Yazar: | |
|---|---|
| Materyal Türü: | Sách |
| Dil: | Undetermined |
| Baskı/Yayın Bilgisi: |
Wiley-Interscience
2007
|
| Konular: | |
| Etiketler: |
Etiketle
Etiket eklenmemiş, İlk siz ekleyin!
|
| Thư viện lưu trữ: | Trung tâm Thư viện - Trường Đại học Công nghiệp TP. Hồ Chí Minh |
|---|
| LEADER | 00529nam a2200157Ia 4500 | ||
|---|---|---|---|
| 001 | UIH_07579 | ||
| 008 | 231011s9999 xx 000 0 und d | ||
| 082 | |a 006.33 | ||
| 100 | |a Koenig, Eldo C | ||
| 245 | 0 | |a Knowledge structures for communications in human-computer systems : General automata-based | |
| 245 | 0 | |c Koenig, Eldo C | |
| 260 | |b Wiley-Interscience | ||
| 260 | |c 2007 | ||
| 650 | |a Máy tính; | ||
| 927 | |a Sách | ||
| 980 | |a Trung tâm Thư viện - Trường Đại học Công nghiệp TP. Hồ Chí Minh | ||